| 000 | 00619nam a2200229 i 4500 | ||
|---|---|---|---|
| 001 | 000030445 | ||
| 003 | DO-SdBNP | ||
| 005 | 20260323092240.0 | ||
| 008 | 260322s20uu dr 000 0 spa d | ||
| 040 |
_aDO-SdBNP _bspa _cBNPHU _erda |
||
| 041 | _aspa | ||
| 082 |
_axxx _bG943 _222 |
||
| 245 | 1 | 0 | _aGuía del estudiante. |
| 264 |
_aSanto Domingo : _bEditora Universitaria, _c[200?]. |
||
| 300 |
_a79 páginas ; _c23 cm. |
||
| 336 |
_ardacontent _btexto _2txt |
||
| 337 |
_ardamedia _bsin mediación _2n |
||
| 338 |
_ardacarrier _bvolumen _2nc |
||
| 590 | _aInventariado, 2026/DG | ||
| 910 | _aDG | ||
| 942 |
_2ddc _cLBS1 |
||
| 999 |
_c29937 _d29937 |
||